000 00659nam a2200205Ia 4500
003 OSt
005 20250612125246.0
008 210210b1975 xxu||||| |||| 00| 0 eng d
040 _cAL
041 _aKannada
082 _aK894.9 TIPS
100 _aTIPPERUDRASVAMI (H)
_dತಿಪ್ಪೇರುದ್ರಸ್ವಾಮಿ (ಹೆಚ್)
_9214604
245 _aSahitya vimarsheya mulatatvagalu
_bಸಾಹಿತ್ಯ ವಿಮರ್ಶೆಯ ಮೂಲತತ್ವಗಳು
260 _aMaisuru
_bManasagangotri
_c1975
300 _axiv,104
650 _aVimarshe
_9214605
690 _aKannada Criticism
_9214606
906 _aSG01027
942 _2ddc
_cBK
999 _c112465
_d112465